| 000 -LEADER |
| fixed length control field |
00406cam a22001097a 4500 |
| 008 - FIXED-LENGTH DATA ELEMENTS--GENERAL INFORMATION |
| fixed length control field |
180718b1969 xxu||||| |||| 00| 0 eng d |
| 082 ## - DEWEY DECIMAL CLASSIFICATION NUMBER |
| Classification number |
B706x71 C16/ST/6 |
| 100 ## - MAIN ENTRY--PERSONAL NAME |
| Personal name |
Canada. Task Force on Labour Relations |
| 245 ## - TITLE STATEMENT |
| Title |
Task Force on Labour Relations (under the Privy Council Office), Study No. 6: labour arbirration and industrial change |
| 260 ## - PUBLICATION, DISTRIBUTION, ETC. |
| Place of publication, distribution, etc. |
Ottawa |
| Name of publisher, distributor, etc. |
Privy Council Office |
| Date of publication, distribution, etc. |
1969 |
| 300 ## - PHYSICAL DESCRIPTION |
| Extent |
146+p. |